Nombre de Monuments historiques par département - Statistiques

Statistiques générales
  • Ce quiz a été pris 60 fois
  • Le résultat moyen est 48 sur 101
Statistiques - réponses
Nombre Initiale Département % Correct
1845 P Paris
95%
1040 G Gironde
84%
970 C Calvados
66%
785 F Finistère
64%
866 I Indre-et-Loire
64%
639 O Oise
61%
505 Y Yonne
61%
897 D Dordogne
59%
934 M Morbihan
59%
798 N Nord
59%
492 Y Yvelines
59%
621 A Aisne
57%
658 B Bouches-du-Rhône
57%
849 C Charente-Maritime
57%
841 C Côte-d'Or
57%
857 P Puy-de-Dôme
57%
522 R Rhône
57%
828 C Côtes-d'Armor
55%
6 M Mayotte
55%
594 M Meurthe-et-Moselle
55%
691 P Pas-de-Calais
55%
709 S Seine-Maritime
55%
563 V Vienne
55%
873 B Bas-Rhin
52%
543 G Gard
52%
570 H Haute-Garonne
52%
574 I Ille-et-Vilaine
52%
519 V Vaucluse
52%
518 A Allier
50%
482 A Aude
50%
462 E Eure
50%
553 H Haut-Rhin
50%
587 H Hérault
50%
463 J Jura
50%
444 L Lot
50%
717 M Maine-et-Loire
50%
613 S Saône-et-Loire
50%
605 S Seine-et-Marne
50%
473 D Doubs
48%
103 G Guadeloupe
48%
489 H Haute-Loire
48%
444 L Loiret
48%
436 L Loir-et-Cher
48%
384 A Ain
45%
301 A Ardèche
45%
466 C Charente
45%
378 C Corrèze
45%
284 C Creuse
45%
374 E Eure-et-Loir
45%
85 G Guyane
45%
161 H Hauts-de-Seine
45%
110 M Martinique
45%
418 M Moselle
45%
418 O Orne
45%
76 S Seine-Saint-Denis
45%
203 A Alpes-de-Haute-Provence
43%
388 A Alpes-Maritimes
43%
242 A Ariège
43%
387 A Aveyron
43%
277 E Essonne
43%
429 H Haute-Marne
43%
180 H Hautes-Pyrénées
43%
369 H Haute-Vienne
43%
342 L Loire
43%
388 L Lot-et-Garonne
43%
195 L Lozère
43%
403 M Marne
43%
418 P Pyrénées-Atlantiques
43%
298 T Tarn
43%
283 T Tarn-et-Garonne
43%
328 V Var
43%
260 A Ardennes
41%
370 A Aube
41%
399 C Cher
41%
124 C Corse-du-Sud
41%
277 D Drôme
41%
197 H Haute-Corse
41%
168 H Hautes-Alpes
41%
483 M Manche
41%
421 S Sarthe
41%
54 T Territoire-de-Belfort
41%
373 V Vendée
41%
335 D Deux-Sèvres
39%
186 H Haute-Savoie
39%
292 I Indre
39%
322 I Isère
39%
337 N Nièvre
39%
308 P Pyrénées Orientales
39%
215 S Savoie
39%
117 V Val-de-Marne
39%
297 V Val-d'Oise
39%
335 V Vosges
39%
399 C Cantal
36%
326 G Gers
36%
369 H Haute-Saône
36%
359 L Loire-Atlantique
36%
251 M Mayenne
36%
328 M Meuse
36%
394 S Somme
36%
184 R Réunion
34%
218 L Landres
2%
Aucun quiz correspondant
Distribution des résultats
% des personnes avec chaque résultat
Percentile par nombre de réponses
Votre historique - résultats
Vous n’avez pas pris ce quiz